000 02247nam a2200397 a 4500
001 00013166
003 WSP
005 20260416153411.0
007 cr |nu|||unuuu
008 230114s2023 si ob 001 0 eng d
010 _a2022053777
020 _a9789811267185
_q(ebook)
020 _a9811267189
_q(ebook)
020 _z9789811267178
_q(hbk.)
040 _aWSPC
_beng
_cWSPC
050 4 _aQA845
072 7 _aCOM
_x072000
_2bisacsh
072 7 _aCOM
_x062000
_2bisacsh
072 7 _aCOM
_x016000
_2bisacsh
082 0 4 _a003/.85
_223
049 _aMAIN
100 1 _aHu, Xiaolin
_c(Professor of computer science)
245 1 0 _aDynamic data-driven simulation :
_breal-time data for dynamic system analysis and prediction /
_cXiaolin Hu.
260 _aSingapore :
_bWorld Scientific,
_cc2023.
300 _a1 online resource (xxiv, 304 p.)
504 _aIncludes bibliographical references and index.
505 0 _aIntroduction -- Dynamic system, simulation, and data -- Simulation models and algorithms -- Basic probability concepts -- Dynamic data-driven simulation -- Data assimilation -- Dynamic data-driven simulation for discrete simulations -- The wildfire spread simulation application -- Look ahead.
520 _a"This comprehensive book systematically introduces Dynamic Data Driven Simulation (DDDS) as a new simulation paradigm that makes real-time data and simulation model work together to enable simulation-based prediction/analysis. The text is significantly dedicated to introducing data assimilation as an enabling technique for DDDS. While data assimilation has been studied in other science fields (e.g., meteorology, oceanography), it is a new topic for the modeling and simulation community. This unique reference text bridges the two study areas of data assimilation and modelling and simulation, which have been developed largely independently from each other"--
_cProvided by publisher.
538 _aMode of access: World Wide Web.
538 _aSystem requirements: Adobe Acrobat Reader.
650 0 _aDynamics
_xComputer simulation.
650 0 _aSystem analysis.
655 0 _aElectronic books.
856 4 0 _uhttps://www.worldscientific.com/worldscibooks/10.1142/13166#t=toc
942 _cE-BOOK
999 _c49754
_d49754